000 01286nam a2200349 i 4500
005 20220317000232.0
007 ta
008 210818r20132019ck a sbr s f spa d
020 _a9789587054170
040 _aCO-BoRNBP
_bspa
_erda
_cCO-BoRNBP
041 1 _aspa
_heng
084 _aN WHY1
100 1 _aWhybrow, Ian
_d1941-
_eautor
245 1 0 _aLobito aprende a ser malo
_cIan Whybrow ; ilustraciones de Tony Ross ; traducción de Miguel Azaola
250 _aPrimera edición
_bDécima primera reimpresión
264 1 _aBogotá
_bEdiciones SM
_c2013
_c2019
300 _a137 páginas
_bilustraciones y mapas en blanco y negro
_c19 cm
336 _atexto
_btxt
_2rdacontent
337 _asin mediación
_bn
_2rdamedia
338 _avolumen
_bnc
_2rdacarrier
490 _aEl Barco de Vapor. Azul Lobito
_v1
521 _aRecomendado para un público infantil mayor de 9 años
534 _tLittle Wolf's book of badness
650 1 7 _aNovela infantil inglesa
_ySiglo XX
_2ARMARC
650 1 7 _aLiteratura infantil inglesa
_ySiglo XX
_2ARMARC
650 1 7 _aAutores ingleses
_ySiglo XX
_2LEMB
650 1 7 _aMaldad
_vNovela
_2LEMB
650 1 7 _aLobos
_vNovela
_2LEMB
700 1 _aRoss, Tony
_d1938-
_eilustrador
_95053
700 1 _aAzaola, Miguel
_etraductor
_9182019
942 _2loc
_cBKLIT
999 _c3477
_d3477